Central Library OPAC University of Rajshahi

The legal base for universities in developing countries / (Record no. 43242)

MARC details
000 -LEADER
fixed length control field 00817nam a2200241 a 4500
001 - CONTROL NUMBER
control field 43242
003 - CONTROL NUMBER IDENTIFIER
rucl marc code BD-RjUL
005 - DATE AND TIME OF LATEST TRANSACTION
control field 20211209053652.0
008 - FIXED-LENGTH DATA ELEMENTS--GENERAL INFORMATION
fixed length control field 160620s1967 ilu b 001 0 eng d
035 ## - SYSTEM CONTROL NUMBER
System control number (BD-RjUL)43360
040 ## - CATALOGING SOURCE
Original cataloging agency DLC
Transcribing agency DLC
Modifying agency UKM
-- BD-RjUL
Language of cataloging eng
041 ## - LANGUAGE CODE
Language code of text/sound track or separate title eng
082 ## - DEWEY DECIMAL CLASSIFICATION NUMBER
Classification number 340
Author mark and year HAL 1967
100 1# - MAIN ENTRY--PERSONAL NAME
Personal name Hannah, Harold W.
Fuller form of name (Harold Winford),
Dates associated with a name 1911-
9 (RLIN) 132827
245 14 - TITLE STATEMENT
Title The legal base for universities in developing countries /
Statement of responsibility, etc. by H. W. Hannah and Robert R. Caughey
260 ## - PUBLICATION, DISTRIBUTION, ETC. (IMPRINT)
Place of publication, distribution, etc. Urbana :
Name of publisher, distributor, etc. University of Illinois Press,
Date of publication, distribution, etc. 1967
300 ## - PHYSICAL DESCRIPTION
Pagination xix, 455 p. ;
Size 24 cm
504 ## - BIBLIOGRAPHY, ETC. NOTE
Bibliography, etc Bibliography: p. [422]-426 and index
650 #0 - SUBJECT ADDED ENTRY--TOPICAL TERM
Topical term or geographic name as entry element Universities and colleges
Geographic subdivision Developing countries
General subdivision Administration
9 (RLIN) 132828
700 ## - ADDED ENTRY--PERSONAL NAME
Personal name Caughey, Robert R.
942 ## - ADDED ENTRY ELEMENTS (KOHA)
Source of classification or shelving scheme Dewey Decimal Classification
Koha item type Books
Holdings
Lost status Source of classification or shelving scheme Damaged status Not for loan Collection code Permanent Location Current Location Shelving location Date acquired Source of acquisition Cost, normal purchase price Total Checkouts Full call number Date last seen Copy number Koha item type
  Dewey Decimal Classification     Non-fiction Central Library, University of Rajshahi Central Library, University of Rajshahi   02/09/1970 Zeitlinger 80.00   340 HAL 1967 20/06/2016 C-2 Books